La réponse commence par O - Statistiques

Statistiques générales
  • Ce quiz a été pris 1 086 fois
  • Le résultat moyen est 14 sur 20
Statistiques - réponses
Indices Réponses % Correct
Ce fruit porte le même nom que sa couleur Orange
99%
Sens lié à votre nez Odorat
98%
Récompense cinématographique américaine Oscar
97%
Personne excessivement grosse Obèse
95%
Qui n'as plus de parents Orphelin
95%
But à atteindre Objectif
90%
Donner quelque chose à quelqu'un Offrir
80%
Se dit d'un angle supérieur à 90° Obtus
79%
Quoi que vous fassiez, elle vous suivra partout, de votre naissance à votre mort Ombre
75%
Premier pays africain à avoir participé aux Jeux paralympiques d'hiver Ouganda
75%
Groupe de musiciens Orchestre
70%
Il arrive juste après le Top 10 Onzième
65%
Ville servant de surnom à l'un des braqueurs de La casa de papel Oslo
58%
Animal composé uniquement de voyelles Oie
56%
Quelque chose qui est passé de mode et n'est plus utilisé Obsolète
55%
Cet État américain est surnommé L'État du castor Oregon
52%
Mammifère australien pondant des oeufs Ornithorynque
45%
Poissonnier du village d'Astérix Ordralfabétix
34%
Peur des poulpes Octophobie
33%
Roche éruptive contenant beaucoup de silice Obsidienne
15%
Aucun quiz correspondant
Distribution des résultats
% des personnes avec chaque résultat
Percentile par nombre de réponses
Votre historique - résultats
Vous n’avez pas pris ce quiz